[Event "Zagreb op"]
[Site "Zagreb"]
[Date "2007.03.23"]
[Round "7"]
[White "Tulay, Seray"]
[Black "Hrupacki, Milan"]
[Result "1/2-1/2"]
[WhiteElo "1644"]
[BlackElo "2121"]
[PlyCount "60"]
[EventDate "2007.03.17"]
[EventType "swiss"]
[EventRounds "9"]
[EventCountry "CRO"]
[SourceTitle "CBM 117 Extra"]
[Source "ChessBase"]
[SourceDate "2007.05.09"]
[SourceVersion "1"]
[SourceVersionDate "2007.05.09"]
[SourceQuality "1"]

1. d4 c6 2. Nf3 Nf6 3. c4 d6 4. Nc3 Qc7 5. e3 e5 6. Qc2 Be7 7. Bd3 Bg4 8. Nh4 e4 9. Bxe4 d5 10. cxd5 cxd5 11. Bf3 Be6 12. Nf5 Bf8 13. 0-0 g6 14. Ng3 Bd6 15. Qa4+ Kf8 16. Bd2 Kg7 17. Rfc1 Qe7 18. Nf1 a6 19. Qb3 Qd7 20. Na4 Ra7 21. Nc5 Qe7 22. Nxe6+ fxe6 23. Ba5 Nc6 24. Bb6 Raa8 25. Bc5 Rab8 26. Bxd6 Qxd6 27. Rc3 h5 28. Rac1 g5 29. Qa3 Qd7 30. Bd1 Ne4 1/2-1/2

[Event "Zagreb op"]
[Site "Zagreb"]
[Date "2007.03.21"]
[Round "5"]
[White "Tulay, Seray"]
[Black "Ganza, Klement"]
[Result "1-0"]
[WhiteElo "1644"]
[BlackElo "2086"]
[PlyCount "57"]
[EventDate "2007.03.17"]
[EventType "swiss"]
[EventRounds "9"]
[EventCountry "CRO"]
[SourceTitle "CBM 117 Extra"]
[Source "ChessBase"]
[SourceDate "2007.05.09"]
[SourceVersion "1"]
[SourceVersionDate "2007.05.09"]
[SourceQuality "1"]

1. d4 e6 2. Nf3 f5 3. c4 d5 4. Nc3 c6 5. Qc2 Be7 6. Bf4 Nf6 7. e3 0-0 8. Bd3 Ne4 9. 0-0 Qe8 10. Nd2 Nxd2 11. Qxd2 Nd7 12. Rae1 Nf6 13. f3 Qd8 14. Qc2 Bd6 15. Bxd6 Qxd6 16. Rd1 Bd7 17. Rfe1 Rae8 18. Kh1 e5 19. Bxf5 Bxf5 20. Qxf5 Qb4 21. Qd3 e4 22. fxe4 Ng4 23. Rf1 Qd6 24. e5 Qh6 25. h3 Nf2+ 26. Rxf2 Rxf2 27. cxd5 Rxb2 28. d6 Qe6 29. Rf1 1-0

[Event "Zagreb op"]
[Site "Zagreb"]
[Date "2007.03.19"]
[Round "3"]
[White "Tulay, Seray"]
[Black "Hibner, Branko"]
[Result "1/2-1/2"]
[WhiteElo "1644"]
[BlackElo "2114"]
[PlyCount "81"]
[EventDate "2007.03.17"]
[EventType "swiss"]
[EventRounds "9"]
[EventCountry "CRO"]
[SourceTitle "CBM 117 Extra"]
[Source "ChessBase"]
[SourceDate "2007.05.09"]
[SourceVersion "1"]
[SourceVersionDate "2007.05.09"]
[SourceQuality "1"]

1. d4 d5 2. Nf3 Nf6 3. g3 c6 4. Bg2 Bf5 5. 0-0 e6 6. Nbd2 Nbd7 7. b3 Bd6 8. Bb2 Qc7 9. c4 0-0 10. Rc1 Rfe8 11. Re1 Qd8 12. Nf1 Bb4 13. N3d2 Ne4 14. a3 Bxd2 15. Nxd2 Qg5 16. Nf3 Qf6 17. Rf1 Qh6 18. Ra1 Bh3 19. Bc1 Qh5 20. Bxh3 Qxh3 21. Ng5 Nxg5 22. Bxg5 h6 23. Bd2 e5 24. Bc3 e4 25. f3 Nf6 26. c5 Re6 27. Rf2 exf3 28. exf3 Rae8 29. Bd2 g5 30. Qf1 Qh5 31. g4 Qg6 32. b4 h5 33. h3 Kg7 34. Rg2 hxg4 35. hxg4 Rh8 36. Re1 Rxe1 37. Bxe1 Qh7 38. Bg3 Qh1+ 39. Kf2 Qxf1+ 40. Kxf1 Rh1+ 41. Rg1 1/2-1/2

[Event "Wch U12 Girls"]
[Site "Batumi"]
[Date "2006.10.21"]
[Round "3"]
[White "Tulay, Seray"]
[Black "Baciu, Diana"]
[Result "0-1"]
[WhiteElo "1626"]
[BlackElo "1898"]
[PlyCount "176"]
[EventDate "2006.10.19"]
[EventType "swiss"]
[EventRounds "13"]
[EventCountry "GEO"]
[SourceTitle "EXT 2007"]
[Source "ChessBase"]
[SourceDate "2006.11.23"]
[SourceVersion "1"]
[SourceVersionDate "2006.11.23"]
[SourceQuality "1"]

1. d4 Nf6 2. Nf3 d5 3. g3 c6 4. Bg2 Bf5 5. 0-0 h6 6. b3 e6 7. Bb2 Nbd7 8. c4 Be7 9. Nbd2 0-0 10. Ne5 Qb6 11. Ndf3 a5 12. a3 Rad8 13. Ra2 Nxe5 14. Nxe5 Ne4 15. Nd3 dxc4 16. bxc4 Bf6 17. e3 Qa6 18. Qc2 Nd6 19. Rc1 Nxc4 20. e4 Nxb2 21. Rxb2 Bxd4 22. exf5 Bxb2 23. Nxb2 exf5 24. Qxf5 Qe2 25. Nc4 Rfe8 26. Qxa5 Rd1+ 27. Rxd1 Qxd1+ 28. Bf1 Qb1 29. Qc7 f6 30. Qd7 Ra8 31. Qe7 Ra4 32. Qc5 Qc1 33. Qd4 Qb1 34. Qc5 b5 35. Ne3 Ra6 36. Qd6 Kh8 37. Qc5 Qb3 38. Qf8+ Qg8 39. Qd6 Qa8 40. Nc2 Ra4 41. Bg2 Rc4 42. Ne3 Rc1+ 43. Nf1 Rc3 44. Qe6 Rc1 45. Qd6 Rc4 46. Qe7 Qc8 47. Qd6 Rc3 48. Qb4 Rc4 49. Qd6 Rc1 50. Qd3 Rc4 51. Qd6 c5 52. Qb6 Rc3 53. Qa5 Rb3 54. Nd2 Rd3 55. Be4 Rd4 56. Bg2 b4 57. axb4 Rxd2 58. bxc5 Rd1+ 59. Bf1 Rc1 60. Qa3 Rxc5 61. Qd3 Rc1 62. Kg2 Qc6+ 63. Kg1 Qc3 64. Qxc3 Rxc3 65. Kg2 Kh7 66. Bb5 Kg6 67. Bd7 f5 68. h4 Kf6 69. Be8 Ke5 70. Bg6 f4 71. gxf4+ Kxf4 72. h5 Kg5 73. Be8 Rc4 74. Bg6 Rh4 75. Be8 Rxh5 76. Bxh5 Kxh5 77. Kh3 Kg5 78. Kg3 h5 79. Kh3 Kf4 80. Kh4 g6 81. Kh3 g5 82. Kg2 g4 83. Kg1 h4 84. Kg2 h3+ 85. Kg1 Kf3 86. Kh2 Kxf2 87. Kh1 h2 88. Kxh2 g3+ 0-1